| 000 | 01411cam a2200181 a 4500 | ||
|---|---|---|---|
| 999 |
_c4359 _d4359 |
||
| 020 | _a0393925420 | ||
| 022 | _a9780393925425 | ||
| 050 | 0 | 0 |
_aBF201 _b.R45 |
| 100 | 1 | _aReisberg, Daniel. | |
| 245 | 1 | 0 |
_aCognition : _bexploring the science of the mind / _cDaniel Reisberg. |
| 250 | _a3rd ed. | ||
| 260 |
_aNew York : _bW.W. Norton, _cc2006. |
||
| 300 |
_axvi, 529, 91 p. : _bill. ; _c25 cm. _e1 v. (141 p. ; 23 cm.) |
||
| 500 | _aAccompanied by: Test-item file / Friderike Heuer, Cara Laney, Melina Kunar. | ||
| 505 | _aPreface -- Part one The foundations of cognitive psychology -- 1. The science of the mind -- 2. The neural basis for cognition -- Part two Learning about the world around us -- 3. Recognizing objects in the world -- 4. Paying attention -- Part three Memory -- 5. The acquisition of memories and the working-memory system -- 6. Interconnections between acquisition and retrieval -- 7. Remembering complex events -- Part four Knowledge -- 8. Associative theories of long-term memory -- 9. Concepts and generic knowledge -- 10. Language -- 11. Visual knowledge -- Part five Thinking -- 12. Judgment : drawing conclusions from evidence -- 13. Reasoning : thinking through the implications of what you know -- 14. Solving problems -- 15. Conscious thought, unconscious thought -- Glossary -- References -- Credits -- Index. | ||
| 650 | 0 | _aCognitive psychology. | |
| 942 | _cBK | ||